Young's learning medical terminology step by step (Record no. 83345)

MARC details
000 -LEADER
fixed length control field 01204nam a2200241 a 4500
008 - FIXED-LENGTH DATA ELEMENTS--GENERAL INFORMATION
fixed length control field 120416s1983 ||||||||||||||||| || u
020 ## - INTERNATIONAL STANDARD BOOK NUMBER
International Standard Book Number 0801656621
050 ## - LIBRARY OF CONGRESS CALL NUMBER
Classification number R 123 You.
100 ## - MAIN ENTRY--PERSONAL NAME
Personal name Young, Clara Gene
245 10 - TITLE STATEMENT
Title Young's learning medical terminology step by step
250 ## - EDITION STATEMENT
Edition statement 5th ed.
260 ## - PUBLICATION, DISTRIBUTION, ETC.
Place of publication, distribution, etc. St. Louis
Name of publisher, distributor, etc. The C. V. Mosby Co
Date of publication, distribution, etc. 1983
300 ## - PHYSICAL DESCRIPTION
Extent xii, 387p. : ill.
350 ## -
-- 0.00
650 ## - SUBJECT ADDED ENTRY--TOPICAL TERM
Topical term or geographic name entry element NOMECLATURE
650 ## - SUBJECT ADDED ENTRY--TOPICAL TERM
Topical term or geographic name entry element MEDICINE
650 ## - SUBJECT ADDED ENTRY--TOPICAL TERM
Topical term or geographic name entry element MEDICINE--TERMINOLOGY
700 ## - ADDED ENTRY--PERSONAL NAME
Personal name Austrin, Miriam G
995 ## -
-- ANNEX COLLECTION (Main Library)
-- 0.00
-- 713443
-- CBU-MAIN LIBRARY (Kitwe)
-- 1
-- 16.95
-- R 123 You
-- 1
-- AVAILABLE
-- Mar 23, 2007
-- 015438
-- Annex Low-Usage Collection
995 ## -
-- MAIN LIBRARY OPEN ACCESS
-- 0.00
-- 713445
-- CBU-MAIN LIBRARY (Kitwe)
-- 3
-- 16.95
-- R 123 You
-- 3
-- AVAILABLE
-- Mar 23, 2007
-- 015439
-- Main Library Open Access Collection
995 ## -
-- ANNEX COLLECTION (Main Library)
-- 0.00
-- 713444
-- CBU-MAIN LIBRARY (Kitwe)
-- 2
-- 16.95
-- R 123 You
-- 2
-- AVAILABLE
-- Mar 23, 2007
-- 015437
-- Annex Low-Usage Collection
995 ## -
-- TEXTBOOKS (CHEM.ENG.)
-- 0.00
-- 7106
-- CBU-SCHOOL TEXTBOOK COLLECTIONS
-- 1
-- 0.00
-- SCHOOL TEXTBOOK
-- 4
-- AVAILABLE
-- Sep 9, 2009
-- 7106
-- School Collections
999 ## -
-- 83345
-- 83345
Holdings
Withdrawn status Lost status Source of classification or shelving scheme Damaged status Not for loan Permanent Location Current Location Shelving location Date acquired Total Checkouts Full call number Barcode Date last seen Copy number Price effective from Koha item type
          CBU-MAIN LIBRARY, KITWE. CBU-MAIN LIBRARY, KITWE.   10/30/2023   R 123 You 015438 10/30/2023 1 10/30/2023 MONOGRAPH
          CBU-MAIN LIBRARY, KITWE. CBU-MAIN LIBRARY, KITWE.   10/30/2023   R 123 You 015439 10/30/2023 2 10/30/2023 MONOGRAPH
          CBU-MAIN LIBRARY, KITWE. CBU-MAIN LIBRARY, KITWE.   10/30/2023   R 123 You 015437 10/30/2023 3 10/30/2023 MONOGRAPH
          CBU-SCHOOL TEXT BOOK COLLECTION CBU-SCHOOL TEXT BOOK COLLECTION   10/30/2023   SCHOOL TEXTBOOK 7106 10/30/2023 4 10/30/2023 MONOGRAPH